书目信息 |
| 题名: |
老年人身心保健
|
|
| 作者: | 宋富春 编著 | |
| 分册: | ||
| 出版信息: | 北京 中国林业出版社 2003.08 |
|
| 页数: | 290页 | |
| 开本: | 20cm | |
| 丛书名: | 老年人生活实用丛书 | |
| 单 册: | ||
| 中图分类: | R161.7 | |
| 科图分类: | ||
| 主题词: | 老年人--lao nian ren--保健--基本知识 | |
| 电子资源: | ||
| ISBN: | 7-5038-3481-1 | |
| 000 | 00911nam 2200265 450 | |
| 001 | 012008808343 | |
| 005 | 20080315094043.93 | |
| 010 | @a7-5038-3481-1@dCNY15.00 | |
| 100 | @a20080315d2003 km y0chiy0120 ea | |
| 101 | 0 | @achi |
| 102 | @aCN@b110000 | |
| 105 | @ay a 000yy | |
| 106 | @ar | |
| 200 | 1 | @a老年人身心保健@Alao nian ren shen xin bao jian@f宋富春等编著@Fsong fu chun deng bian zhu |
| 210 | @a北京@c中国林业出版社@d2003.08 | |
| 215 | @a290页@d20cm | |
| 225 | 2 | @a老年人生活实用丛书@Alao nian ren sheng huo shi yong cong shu |
| 320 | @a有书目。 | |
| 330 | @a本书内容涵盖身心健康的老年人、老年人与养生、老年人与运动、老年人心理健康以及老年人饮食营养五大部分。 | |
| 410 | 0 | @12001 @a老年人生活实用丛书 |
| 606 | 0 | @a老年人@Alao nian ren@x保健@x基本知识 |
| 690 | @aR161.7@v4 | |
| 701 | 0 | @a宋富春@Asong fu chun@4编著 |
| 801 | 0 | @aCN@bQSSK@c20080315 |
| 905 | @b20283420-22@dR161.7@eS760@f3 | |
| 老年人身心保健/宋富春等编著.-北京:中国林业出版社,2003.08 |
| 290页;20cm.-(老年人生活实用丛书) |
| ISBN 7-5038-3481-1:CNY15.00 |
| 本书内容涵盖身心健康的老年人、老年人与养生、老年人与运动、老年人心理健康以及老年人饮食营养五大部分。 |
| ● |
| 相关链接 |
|
|
|
正题名:老年人身心保健
索取号:R161.7/S760
 
预约/预借
| 序号 | 登录号 | 条形码 | 馆藏地/架位号 | 状态 | 备注 |
| 1 | 283420 | 202834200 | 自科库401/401自科库 6排3列1层/ [索取号:R161.7/S760] | 在馆 | |
| 2 | 283421 | 202834219 | 自科库401/401自科库 6排3列1层/ [索取号:R161.7/S760] | 在馆 | |
| 3 | 283422 | 202834228 | 自科库401/401自科库 6排3列1层/ [索取号:R161.7/S760] | 在馆 |